| 000 | 00899cam a2200205 4500 | ||
|---|---|---|---|
| 001 | WB3828-09 | ||
| 008 | 020801n2002 000 0 eng u | ||
| 035 | _a(Sirsi) u119141 | ||
| 245 | _aEquity stakes could replace 'right-to-buy' | ||
| 260 | _c2002 | ||
| 490 |
_aCIH Press Release _v15 July 2002, (2) |
||
| 520 | _aNew report "A stake worth having" , issued by Institute of Public Policy Research and Chartered Institute of Housing, suggests council tenants could be given an equity stake in their homes to help reduce social exclusion and improve image of social housing. Copies of report available from [email protected]/frames.php?page=/section6/introf.php? [email protected]/frames.php?page=/section5/introf.php? | ||
| 590 | _aWB | ||
| 650 | _aEQUITY STAKE | ||
| 650 | _aSOCIAL EXCLUSION | ||
| 650 | _aCOUNCIL TENANTS | ||
| 650 | _aCOUNCIL HOUSING | ||
| 690 | _aHOUSING | ||
| 942 | _n0 | ||
| 999 |
_c70870 _d70870 |
||